An introduction to highway law (Record no. 107549)

MARC details
000 -LEADER
fixed length control field 01559cam a22002655a 4500
001 - CONTROL NUMBER
control field L140838
008 - FIXED-LENGTH DATA ELEMENTS--GENERAL INFORMATION
fixed length control field 071015s2007 xxk f 001 0 eng d
020 ## - INTERNATIONAL STANDARD BOOK NUMBER
International Standard Book Number 9780721913322
035 ## - SYSTEM CONTROL NUMBER
System control number (Sirsi) u140838
041 0# - LANGUAGE CODE
Language code of text/sound track or separate title eng
050 04 - LIBRARY OF CONGRESS CALL NUMBER
Classification number 625.7026 $2 18
100 1# - MAIN ENTRY--PERSONAL NAME
Personal name Orlik, Michael
245 03 - TITLE STATEMENT
Title An introduction to highway law
250 ## - EDITION STATEMENT
Edition statement 3rd ed.
260 ## - PUBLICATION, DISTRIBUTION, ETC.
Place of publication, distribution, etc. Crayford
Name of publisher, distributor, etc. Shaw & Sons
Date of publication, distribution, etc. 2007
300 ## - PHYSICAL DESCRIPTION
Extent xxxii, 288p.
Dimensions 22cm.
350 ## - PRICE (NR) (BK AM CF MU VM SE) [OBSOLETE]
Price 24.65
505 2# - FORMATTED CONTENTS NOTE
Formatted contents note What is a highway? -- Creation of highways -- Responsibility for maintenance of highways -- Liability of the Highway Authority for accidents on the highway -- Ownership of highways, public rights of passage and obstruction of the highway -- Maintenance of highways and bridges -- Improvements to highways and construction of new roads -- Private roads and streets -- Works in the highway -- Traffic regulation -- Footpaths, bridleways and byways -- Diversion and extinguishment of the Highway
520 ## - SUMMARY, ETC.
Summary, etc. Basic guide to the principles of highway law covers the creation and maintenance of highways, liability for accidents, ownership, public rights of passage, traffic management and the diversion and extinguishment of highways. Also examines the law surrounding private roads and streets, footpaths, bridleways and byways, and responsibility for the maintenance of highways and bridges. Case law and statutes.
521 2# - TARGET AUDIENCE NOTE
Target audience note Advanced
590 ## - LOCAL NOTE (RLIN)
Local note KA
651 #4 - SUBJECT ADDED ENTRY--GEOGRAPHIC NAME
Geographic name United Kingdom
Chronological subdivision
690 ## - LOCAL SUBJECT ADDED ENTRY--TOPICAL TERM (OCLC, RLIN)
Topical term or geographic name as entry element PROPERTY-INFRASTRUCTURE-TRANSPORT INFRASTRUCTURE-ROAD INFRASTRUCTURE
942 ## - ADDED ENTRY ELEMENTS (KOHA)
Suppress in OPAC 0
Holdings
Withdrawn status Lost status Source of classification or shelving scheme Damaged status Not for loan Home library Current library Shelving location Date acquired Cost, normal purchase price Total Checkouts Full call number Barcode Date last seen Copy number Cost, replacement price Price effective from Koha item type
    Dewey Decimal Classification     London London Books 15/01/2008 24.65   625.7026 ORL 30074342 06/08/2019 1 24.65 06/08/2019 Book